<?xml version="1.0" encoding="UTF-8"?>
<record
    xmlns:xsi="http://www.w3.org/2001/XMLSchema-instance"
    xsi:schemaLocation="http://www.loc.gov/MARC21/slim http://www.loc.gov/standards/marcxml/schema/MARC21slim.xsd"
    xmlns="http://www.loc.gov/MARC21/slim">

  <leader>01333nam a22003377a 4500</leader>
  <controlfield tag="001">36320</controlfield>
  <controlfield tag="003">Ost</controlfield>
  <controlfield tag="005">20260507154556.0</controlfield>
  <controlfield tag="008">251113s9999||||xx |||||||||||||| ||eng||</controlfield>
  <datafield tag="020" ind1=" " ind2=" ">
    <subfield code="a">9788126713400</subfield>
  </datafield>
  <datafield tag="040" ind1=" " ind2=" ">
    <subfield code="c">nitttr</subfield>
  </datafield>
  <datafield tag="082" ind1=" " ind2=" ">
    <subfield code="a">891</subfield>
    <subfield code="b">APS-N</subfield>
  </datafield>
  <datafield tag="100" ind1=" " ind2=" ">
    <subfield code="a">Suryakant Tripathi Nirala - &#x938;&#x942;&#x930;&#x94D;&#x92F;&#x915;&#x93E;&#x902;&#x924; &#x924;&#x94D;&#x930;&#x93F;&#x92A;&#x93E;&#x920;&#x940; &#x928;&#x93F;&#x930;&#x93E;&#x932;&#x93E;</subfield>
  </datafield>
  <datafield tag="245" ind1=" " ind2="0">
    <subfield code="a">Apsara - &#x905;&#x92A;&#x94D;&#x938;&#x930;&#x93E;</subfield>
  </datafield>
  <datafield tag="250" ind1=" " ind2=" ">
    <subfield code="a">2nd Ed.</subfield>
  </datafield>
  <datafield tag="260" ind1=" " ind2=" ">
    <subfield code="a">New Delhi, India</subfield>
    <subfield code="b">Rajkamal Prakashan</subfield>
    <subfield code="c">2011</subfield>
  </datafield>
  <datafield tag="300" ind1=" " ind2=" ">
    <subfield code="a">171 p.</subfield>
  </datafield>
  <datafield tag="650" ind1=" " ind2=" ">
    <subfield code="a"> &#x906;&#x926;&#x930;&#x94D;&#x936; &#x914;&#x930; &#x92F;&#x925;&#x93E;&#x930;&#x94D;&#x925; </subfield>
  </datafield>
  <datafield tag="650" ind1=" " ind2=" ">
    <subfield code="a"> &#x92D;&#x93E;&#x935;&#x928;&#x93E;&#x924;&#x94D;&#x92E;&#x915; &#x938;&#x902;&#x918;&#x930;&#x94D;&#x937; </subfield>
  </datafield>
  <datafield tag="650" ind1=" " ind2=" ">
    <subfield code="a"> &#x92E;&#x928;&#x94B;&#x935;&#x948;&#x91C;&#x94D;&#x91E;&#x93E;&#x928;&#x93F;&#x915; &#x91A;&#x93F;&#x924;&#x94D;&#x930;&#x923; </subfield>
  </datafield>
  <datafield tag="650" ind1=" " ind2=" ">
    <subfield code="a"> &#x92E;&#x93E;&#x928;&#x935;&#x940;&#x92F; &#x938;&#x902;&#x92C;&#x902;&#x927;</subfield>
  </datafield>
  <datafield tag="650" ind1=" " ind2=" ">
    <subfield code="a"> &#x92E;&#x93E;&#x928;&#x935;&#x940;&#x92F; &#x938;&#x902;&#x935;&#x947;&#x926;&#x928;&#x93E;&#x90F;&#x901; </subfield>
  </datafield>
  <datafield tag="650" ind1=" " ind2=" ">
    <subfield code="a"> &#x930;&#x94B;&#x92E;&#x93E;&#x902;&#x91F;&#x93F;&#x915; &#x92D;&#x93E;&#x935;&#x928;&#x93E;&#x90F;&#x901; </subfield>
  </datafield>
  <datafield tag="650" ind1=" " ind2=" ">
    <subfield code="a"> &#x938;&#x93E;&#x92E;&#x93E;&#x91C;&#x93F;&#x915; &#x91C;&#x940;&#x935;&#x928; </subfield>
  </datafield>
  <datafield tag="650" ind1=" " ind2=" ">
    <subfield code="a"> &#x938;&#x93E;&#x92E;&#x93E;&#x91C;&#x93F;&#x915; &#x92E;&#x93E;&#x928;&#x94D;&#x92F;&#x924;&#x93E;&#x90F;&#x901; </subfield>
  </datafield>
  <datafield tag="650" ind1=" " ind2=" ">
    <subfield code="a"> &#x938;&#x93E;&#x939;&#x93F;&#x924;&#x94D;&#x92F;&#x93F;&#x915; &#x938;&#x94C;&#x902;&#x926;&#x930;&#x94D;&#x92F; </subfield>
  </datafield>
  <datafield tag="650" ind1=" " ind2=" ">
    <subfield code="a"> &#x938;&#x94D;&#x924;&#x94D;&#x930;&#x940;-&#x91A;&#x930;&#x93F;&#x924;&#x94D;&#x930; &#x915;&#x93E; &#x91A;&#x93F;&#x924;&#x94D;&#x930;&#x923; </subfield>
  </datafield>
  <datafield tag="650" ind1=" " ind2=" ">
    <subfield code="a"> &#x938;&#x94D;&#x935;&#x924;&#x902;&#x924;&#x94D;&#x930;&#x924;&#x93E; &#x914;&#x930; &#x935;&#x94D;&#x92F;&#x915;&#x94D;&#x924;&#x93F;&#x924;&#x94D;&#x935; </subfield>
  </datafield>
  <datafield tag="650" ind1=" " ind2=" ">
    <subfield code="a">&#x92A;&#x94D;&#x930;&#x947;&#x92E; &#x914;&#x930; &#x938;&#x94C;&#x902;&#x926;&#x930;&#x94D;&#x92F; </subfield>
  </datafield>
  <datafield tag="942" ind1=" " ind2=" ">
    <subfield code="c">BK</subfield>
  </datafield>
  <datafield tag="999" ind1=" " ind2=" ">
    <subfield code="c">337</subfield>
    <subfield code="d">337</subfield>
  </datafield>
  <datafield tag="952" ind1=" " ind2=" ">
    <subfield code="0">0</subfield>
    <subfield code="1">0</subfield>
    <subfield code="4">0</subfield>
    <subfield code="7">0</subfield>
    <subfield code="a">NITTTR</subfield>
    <subfield code="b">NITTTR</subfield>
    <subfield code="d">2026-05-07</subfield>
    <subfield code="l">0</subfield>
    <subfield code="o">891. APS-N</subfield>
    <subfield code="p">50238</subfield>
    <subfield code="r">2026-05-07 15:45:56</subfield>
    <subfield code="w">2026-05-07</subfield>
    <subfield code="y">BK</subfield>
  </datafield>
</record>
